Drogas : (Record no. 146569)

MARC details
000 -CABECERA
campo de control de longitud fija 00647nam a2200205 u 4500
005 - FECHA Y HORA DE LA ÚLTIMA TRANSACCIÓN
campo de control 20250910063906.0
008 - ELEMENTOS DE LONGITUD FIJA--INFORMACIÓN GENERAL
campo de control de longitud fija 100205s2005 ag r 000 0 spa d
020 ## - NÚMERO INTERNACIONAL NORMALIZADO PARA LIBROS
Número Internacional Estándar del Libro 9505077394
035 ## - NÚMERO DE CONTROL DEL SISTEMA
Número de control de sistema UPN01000174465
049 ## - COLECCIÓN
Colección CG
050 #4 - SIGNATURA TOPOGRÁFICA DE LA BIBLIOTECA DEL CONGRESO
Número de clasificación HV5808
Número de documento/Ítem Y3.2
100 1# - ASIENTO PRINCIPAL--NOMBRE PERSONAL
Nombre de persona Yaría, Juan Alberto,
Fechas asociadas al nombre 1945-
245 10 - MENCIÓN DE TÍTULO
Título Drogas :
Resto del título escuela, familia y prevención /
Mención de responsabilidad, etc. Juan A. Yaría.
260 ## - PUBLICACIÓN, DISTRIBUCIÓN, ETC.
Lugar de publicación, distribución, etc. Buenos Aires :
Nombre del editor, distribuidor, etc. Bonum,
Fecha de publicación, distribución, etc. 2005.
300 ## - DESCRIPCIÓN FÍSICA
Extensión 235 p. :
Otras características físicas gráfs., tablas
650 #7 - ASIENTO SECUNDARIO DE MATERIA - TERMINO TEMATICO
Término de materia o nombre geográfico como elemento de entrada Abuso de drogas
Subdivisión general Prevención
Fuente del encabezamiento o término
9 (RLIN) 5967
650 #4 - ASIENTO SECUNDARIO DE MATERIA - TERMINO TEMATICO
Término de materia o nombre geográfico como elemento de entrada DROGAS -
Subdivisión general ESTUDIO Y ENSEÑANZA (SECUNDARIA)
9 (RLIN) 15451
650 #4 - ASIENTO SECUNDARIO DE MATERIA - TERMINO TEMATICO
Término de materia o nombre geográfico como elemento de entrada Valores
Subdivisión general Estudio y enseñanza
9 (RLIN) 310
905 ## - TIPO DE MATERIAL
Tipo de material Libro
Holdings
Estado de retiro Estado de pérdida Fuente del sistema de clasificación o colocación Estado dañado No para préstamo Código de colección Localización permanente Ubicación/localización actual Ubicación en estantería Fecha de adquisición Total de préstamos Renovaciones totales Clasificación Código de barras Fecha visto por última vez Fecha del último préstamo Número de copia Tipo de ítem Koha
    Library of Congress Classification     Colección General Bib. Gregorio Torres Quintero Bib. Gregorio Torres Quintero Planta baja 18/10/2023 35 1 HV5808 Y3.2 272004 13/05/2025 10/04/2025 1 Libro
    Library of Congress Classification     Colección General Bib. Gregorio Torres Quintero Bib. Gregorio Torres Quintero Planta baja 17/04/2024 44 1 HV5808 Y3.2 272005 12/05/2025 11/04/2025 1 Libro
    Library of Congress Classification     Colección General Bib. Gregorio Torres Quintero Bib. Gregorio Torres Quintero Planta baja 15/04/2024 22 1 HV5808 Y3.2 272003 09/04/2025 31/03/2025 1 Libro